| 000 | 01719cam a2200493 4500 | ||
|---|---|---|---|
| 001 | 22708 | ||
| 003 | SK-KTurca | ||
| 005 | 20260421144548.0 | ||
| 008 | 171123s2016 xo a cr 000 j slo | ||
| 015 | _aSNBA2016/04 | ||
| 020 |
_a9788055146645 _q(viazané) |
||
| 035 | _aB29681E7-B99E-44A8-A63B-2E29F7E6F926 | ||
| 035 | _aurn:nbn:sk:snk-amtfzu | ||
| 035 | _aurn:nbn:sk:snk-am00bd6b | ||
| 040 |
_aPPPK _bslo _cPPPK _dSNK _erda |
||
| 041 | 1 |
_aslo _heng |
|
| 044 |
_axo _cSK |
||
| 072 | 7 |
_a821.111(73)-3 _xAmerická próza _2konspekt |
|
| 072 | 7 |
_a821-93 _xLiteratúra pre deti a mládež (beletria) _2konspekt |
|
| 080 |
_a821.111(73)-32 _22011 |
||
| 080 |
_a82-93-053.4/.5 _22011 |
||
| 080 |
_a(093.3) _22011 |
||
| 100 | 1 |
_aKinney, Jeff, _d1971- _4aut |
|
| 240 | 1 | 0 |
_aDiary of a Wimpy Kid: Hard Luck _lSlovensky |
| 245 | 1 | 0 |
_aDenník odvážneho bojka _n8 _pTo je ale smola _cJeff Kinney ; z anglického originálu Diary of a Wimpy Kid: Hard Luck ... preložila Elena Guričanová |
| 246 | 3 | 0 | _aTo je ale smola |
| 264 | 1 |
_aBratislava _bIkar _c2016 |
|
| 300 |
_a217 strán _bilustrácie _c22 cm |
||
| 336 |
_atext _btxt _2rdacontent |
||
| 336 |
_astatický obraz _bsti _2rdacontent |
||
| 337 |
_abez média _bn _2rdamedia |
||
| 338 |
_azväzok _bnc _2rdacarrier |
||
| 500 | _aPreložené z angličtiny | ||
| 521 | 1 | _aPre čitateľov od 10 rokov | |
| 655 | 7 |
_aamerické príbehy _2SNKPH |
|
| 655 | 7 |
_aliteratúra pre deti _2SNKPH |
|
| 655 | 7 |
_aAmerican stories _2SNKPHeng |
|
| 655 | 7 |
_aChildren’s literature _2SNKPHeng |
|
| 655 | 7 |
_adenníky _2SNKPH |
|
| 655 | 7 |
_aDiaries _2SNKPHeng |
|
| 700 | 1 |
_aGuričanová, Elena _4trl |
|
| 787 | 0 | 8 |
_iZo série: _tDenník odvážneho bojka _g8 |
| 942 |
_2ddc _cKLDE _n0 |
||
| 999 |
_c22708 _d22708 |
||